The international agri-food trade of Central and Eastern European Countries

Titel: The international agri-food trade of Central and Eastern European Countries
Verfasser:
Beteiligt:
In: Verwestlichung Europas, (1999), Seite 287-308, 5 Tab., 6 Abb.
alle Artikel anzeigen
Veröffentlicht: 1999
Format: Aufsatz
Sprache: Englisch
Kein Bild verfügbar
X
alg: 39209640
001A    $01999:11-11-16 
001B    $01999:26-04-21 $t20:14:14.000 
001D    $01999:11-11-16 
001U    $0utf8 
001X    $00 
002@    $0Aox 
003@    $0392096404 
007A    $0392096404 $aHEB 
007T    $0Herd42089 
010@    $aeng 
011@    $a1999 
021A    $aThe @international agri-food trade of Central and Eastern European Countries 
028A    $aPaszkowski $dStanisław 
028B/01 $aSzymański $dAndrzej 
031A    $h287-308, 5 Tab., 6 Abb. $j1999 
039B    $aIn $8--Aaxaf--. Verwestlichung Europas. - Poznan : Wydawn. Fundacji Humaniora, 1999. - 323 S.. - graph. Darst.. - ISBN 3-901449-66-3 $x199900000000000713 $9097803111 
045F    $a330.09437 $eDDC23BSB 
045F/01 $a330.09 
045F/03 $g437 

lok: 39209640 78

exp: 39209640 78 1 #EPN
201B/01 $019-04-17 $t11:00:42.000 
201U/01 $0utf8 
203@/01 $0788192426 
208@/01 $a11-11-16 $be 
209A/01 $a/ $f000 $x00 
220C/01 $aTitelaufnehmer: cs 
244Z/01 $2Trx $#Kesk- ja Ida- Euroopa kontseptsioonid $#Vidurio Europos koncepcijos $#East-Central Europe $#Keletközépeurópa-eszmék $#Europa Środkowo-Wschodnia koncepcje $#Európa stredovýchodná koncepcie $#Evropa střední, východní část koncepce $#Mitteleuropa $#Osteuropakonzeptionen $#Europa Środkowa koncepcje $#Stredná Európa koncepcie $#Střední Europa koncepce $8--Trx--Ostmitteleuropakonzeptionen $x01 $9391364286 
244Z/01 $aGeschichte 1990-1997 $x02 
244Z/01 $2Trx $#kaubavahetus üldiselt $#prekyba bendras $#trade $#kereskedelem általános $#handel ogólnie $#obchod všeobecne $#obchod všeobecně $#Gewerbe $#remeslo, živnosť $8--Trx--Handel$gallgemein $x03 $9391373781 
244Z/01 $2Trx $#põllumajandus $#žemės ūkis $#agriculture $#mezögazdaság $#rolnictwo $#poľnohospodárstvo $#zemědělství $8--Trx--Landwirtschaft $x04 $9391356275 
244Z/01 $2Trx $8--Trx--Einzelbeiträge $x05 $9391384570 
245Z/01 $a09.11 $x01 
247C/01 $82080>Marburg/Lahn, Herder-Institut, Forschungsbibliothek, Bibliographieportal $9336309341
LEADER 00000caa a22000002c 4500
001 392096404
003 DE-603
005 20210426201414.0
007 tu
008 161111s1999 xx |||| | u00||u|eng c
035 |a (DE-599)HEB392096404 
040 |a DE-603  |b ger  |c DE-603  |d DE-603 
041 |a eng 
082 0 4 |8 1\u  |a 330.09437  |q DE-101  |2 23/BSB 
085 |8 1\u  |b 330.09 
085 |8 1\u  |z 2  |s 437 
100 1 |a Paszkowski, Stanisław 
245 0 0 |a ˜Theœ international agri-food trade of Central and Eastern European Countries 
264 0 |c 1999 
700 1 |a Szymański, Andrzej 
773 0 8 |i In  |t Verwestlichung Europas  |d Poznan : Wydawn. Fundacji Humaniora, 1999  |h 323 S., graph. Darst.  |z 3901449663  |z 8371120761  |g (1999), Seite 287-308, 5 Tab., 6 Abb.  |w (DE-603)097803111 
924 0 |9 2080  |a (DE-603)788192426  |b DE-2080  |c HES  |d d  |g /